[Event "British Chess Championships 2023: First Blitz Open"]
[Site "The Venue, De Montfort University, 20 Western Boulevard, Leicester, LE2 7BU"]
[Date "2023.07.20"]
[Round "9"]
[Board "4"]
[White "Patel, Rishi"]
[Black "Stubbs, Oliver"]
[Result "1/2-1/2"]
[WhiteElo "1762"]
[BlackElo "2050"]
[PlyCount "0"]
[EventDate "2023.07.20"]
[EventRounds "9"]
[EventCountry "ENG"]

1. e4 e6 2. Nc3 d5 3. Nf3 Nf6 4. e5 Nfd7 5. d4 c5 6. Be3 Nc6 7. Qd2 cxd4 8. Bxd4
Nxd4 9. Qxd4 Qb6 10. Qxb6 Nxb6 11. Nd4 Bd7 12. f4 Bc5 13. Nb3 Bb4 14. O-O-O Bxc3
15. bxc3 Rc8 16. Kb2 Ke7 17. Nd4 Na4+ 18. Kc1 Nxc3 19. Rd3 Nxa2+ 20. Kb2 Nb4 21.
Rb3 Nc6 22. Nb5 Na5 23. Ra3 Bxb5 24. Rxa5 Bxf1 25. Rxf1 a6 26. f5 Rc4 27. f6+ gxf6
28. exf6+ Kd6 29. Ra3 Rhc8 30. Rf2 Rg8 31. Rh3 Rh8 32. Rh6 Rg4 33. Rh5 h6 34. Rh3
h5 35. Rb3 Kc6 36. h3 Rg6 37. Rbf3 Rhh6 38. Rf4 e5 39. Rf5 Kd6 40. Re2 Rxf6 41. Rexe5
Rxf5 42. Rxf5 Ke6 43. Rf3 Rg6 44. g3 f6 45. Kc3 Ke5 46. Re3+ Kd6 47. Kd4 Rg5 48.
Rf3 Ke6 49. Rb3 b5 50. Ra3 a5 51. Rxa5 Rxg3 52. Rxb5 Rxh3 53. Rb6+ Kf5 54. Kxd5 Rc3
55. Rb2 h4 56. Kd4 Rc8 57. Ke3 h3 58. Kf3 Rc3+ 59. Kf2 Kg5 60. Kg1 f5 61. Kh2 Kg4
62. Ra2 f4 63. Rb2 Re3 64. c4 Rc3 65. Rb8 Rc2+ 66. Kh1 Rxc4 67. Rg8+ Kf3 68. Kh2
Rc7 69. Rh8 Rg7 70. Rxh3+ Ke2 71. Ra3 Rd7 72. Ra2+ Rd2 73. Ra4 f3 74. Kg3 Rd3 75.
Re4+ Re3 76. Rf4 f2+ 77. Kg2 Re8 78. Rxf2+ Ke3 79. Kf1 Ra8 80. Re2+ Kf3 81. Rf2+
Kg3 82. Rg2+ Kh3 83. Rc2 Ra1+ 84. Ke2 Ra7 85. Kd1 Kg3 86. Rc3+ Kf4 87. Kd2 Ra2+ 88.
Kd3 Ke5 89. Kc4 Ra4+ 90. Kb5 Ra8 91. Rc5 Kd6 92. Rc6+ Kd7 93. Kc5 Ra5+ 94. Kb6 Ra6+
95. Kxa6 Kxc6  1/2-1/2

[Event "British Chess Championships 2023: First Blitz Open"]
[Site "The Venue, De Montfort University, 20 Western Boulevard, Leicester, LE2 7BU"]
[Date "2023.07.20"]
[Round "9"]
[Board "5"]
[White "Gopakumar, Siddharth"]
[Black "Khan, Mohammed"]
[Result "1-0"]
[WhiteElo "1892"]
[BlackElo "1949"]
[PlyCount "0"]
[EventDate "2023.07.20"]
[EventRounds "9"]
[EventCountry "ENG"]

1. e4 e5 2. Nf3 Nc6 3. d4 exd4 4. Nxd4 Nf6 5. Nxc6 bxc6 6. Bd3 d5 7. exd5 cxd5 8.
O-O Be7 9. c4 c6 10. Nc3 O-O 11. cxd5 cxd5 12. Bf4 Be6 13. a3 Qb6 14. Qd2 Rfd8 15.
Rac1 Ne4 16. Be3 d4 17. Bxe4 dxe3 18. Qxe3 Qxe3 19. fxe3 Rab8 20. b4 a5 21. bxa5
Bxa3 22. a6 Bxc1 23. Rxc1 Rd7 24. Bb7 g6 25. Ne4 Kg7 26. Nc5 Re7 27. a7 Rexb7 28.
Nxb7 Ra8 29. Ra1 Bd5 30. Nc5 Kf6 31. e4 Bc4 32. Kf2 Ke5 33. Nd7+ Kxe4 34. Nb6 Bd5
35. Nxa8 Bxa8 36. Rb1 Ke5 37. Rb8 Bd5 38. a8=Q Bxa8 39. Rxa8 h5 40. h4 f5 41. Ke3
f4+ 42. Kf3  1-0

[Event "British Chess Championships 2023: First Blitz Open"]
[Site "The Venue, De Montfort University, 20 Western Boulevard, Leicester, LE2 7BU"]
[Date "2023.07.20"]
[Round "9"]
[Board "6"]
[White "Pilley, Jack"]
[Black "Wastney, Dylan"]
[Result "0-1"]
[WhiteElo "2037"]
[BlackElo "1878"]
[PlyCount "0"]
[EventDate "2023.07.20"]
[EventRounds "9"]
[EventCountry "ENG"]

1. e4 c5 2. Nf3 d6 3. Bb5+ Bd7 4. Bxd7+ Qxd7 5. O-O Nf6 6. Re1 e6 7. c3 Be7 8. d4
cxd4 9. cxd4 O-O 10. Nc3 Nc6 11. d5 Ne5 12. Bf4 Ng6 13. Bg3 Nh5 14. dxe6 fxe6 15.
Qd2 Nxg3 16. hxg3 Rac8 17. Rad1 Qc7 18. Nd4 Qd7 19. f4 a6 20. f5 exf5 21. exf5 Ne5
22. Nd5 Bd8 23. Nf4 Bg5 24. Nde6 Rxf5 25. Qd5 Qf7 26. Qxd6 Nc6 27. Qd7 Re8 28. Nxg5
Qxd7 29. Nge6 Qf7 30. Nc5 Rxc5  0-1

[Event "British Chess Championships 2023: First Blitz Open"]
[Site "The Venue, De Montfort University, 20 Western Boulevard, Leicester, LE2 7BU"]
[Date "2023.07.20"]
[Round "9"]
[Board "7"]
[White "Pandya, Dhairya"]
[Black "Wells, Tony D"]
[Result "0-1"]
[WhiteElo "1662"]
[BlackElo "2070"]
[PlyCount "0"]
[EventDate "2023.07.20"]
[EventRounds "9"]
[EventCountry "ENG"]

1. e4 e5 2. Nf3 Nc6 3. c3 d5 4. Qa4 Qd6 5. exd5 Qxd5 6. Bc4 Qd6 7. d4 Bd7 8. Qb3
O-O-O 9. dxe5 Nxe5 10. Nxe5 Qxe5+ 11. Be3 Bc5 12. Nd2 Bxe3 13. fxe3 Qxe3+ 14. Be2
Bg4 15. Nf3 Nf6 16. Qc2 Rhe8 17. Rf1 Rd6 18. h3 Bxf3 19. Rxf3 Qg1+ 20. Rf1 Qxg2 21.
Rd1 Rde6 22. Rd2 Ne4 23. Rd4 Ng3 24. Rf2 Qg1+ 25. Kd2 Qxf2  0-1

[Event "British Chess Championships 2023: First Blitz Open"]
[Site "The Venue, De Montfort University, 20 Western Boulevard, Leicester, LE2 7BU"]
[Date "2023.07.20"]
[Round "9"]
[Board "8"]
[White "Broughton, Daniel"]
[Black "Vashisht-Pigem, Raman"]
[Result "0-1"]
[WhiteElo "1972"]
[BlackElo "1695"]
[PlyCount "0"]
[EventDate "2023.07.20"]
[EventRounds "9"]
[EventCountry "ENG"]

1. d4 Nf6 2. c4 g6 3. Nc3 Bg7 4. e4 d6 5. Be2 O-O 6. f4 Na6 7. Nf3 e5 8. fxe5 dxe5
9. d5 Nc5 10. Qc2 Re8 11. O-O a5 12. Be3 Qe7 13. h3 Nh5 14. Kh2 Nf4 15. a3 Nxe2 16.
Qxe2 a4 17. Qc2 Nb3 18. Rad1 Bd7 19. Nb5 Bxb5 20. cxb5 f5 21. Nd2 f4 22. Bf2 Nxd2
23. Rxd2 Qd7 24. Rc1 f3 25. gxf3 Bh6 26. Rd3 Bxc1 27. Qxc1 Qxb5 28. Rc3 Qe2 29. Qc2
Qxc2 30. Rxc2 c6 31. dxc6 bxc6 32. Rxc6 Rab8 33. Rc2 Rb3 34. Bg3 Rxf3 35. Rc5 Re3
36. Rxe5 Rxe5 37. Bxe5 Rxe4 38. Bc3 Kf7 39. Kg3 Ke6 40. Kf3 Kf5 41. Bg7 h5 42. Bc3
g5 43. Bd2 g4+ 44. hxg4+ hxg4+ 45. Kg3 Re2 46. Bc3 Re3+ 47. Kf2 Rf3+ 48. Kg2 Ke4
49. Bg7 Kd3 50. Be5 Ke2 51. Bd4 Rd3 52. Bc3 Rxc3 53. bxc3 Kd3 54. Kg3 Kxc3 55. Kxg4
Kb3 56. Kf3 Kxa3 57. Ke3 Kb2 58. Kd3 a3  0-1

[Event "British Chess Championships 2023: First Blitz Open"]
[Site "The Venue, De Montfort University, 20 Western Boulevard, Leicester, LE2 7BU"]
[Date "2023.07.20"]
[Round "9"]
[Board "9"]
[White "Kothari, Jai"]
[Black "Ortiz Sanchez, Luis"]
[Result "1-0"]
[WhiteElo "1951"]
[BlackElo "1894"]
[PlyCount "0"]
[EventDate "2023.07.20"]
[EventRounds "9"]
[EventCountry "ENG"]

1. e4 c5 2. Nf3 Nc6 3. Bb5 g6 4. O-O Bg7 5. c3 Nf6 6. e5 Nd5 7. d4 cxd4 8. cxd4 O-O
9. Nc3 Nc7 10. Bd3 d6 11. exd6 Qxd6 12. Ne4 Qd5 13. Nc3 Qd8 14. Be3 Bg4 15. Be2 Nd5
16. Nxd5 Qxd5 17. h3 Bf5 18. Qa4 Rfd8 19. Rfd1 Rac8 20. Bc4 Qd7 21. d5 Ne5 22. Qxd7
Rxd7 23. Nxe5 Bxe5 24. Bd4 Bxd4 25. Rxd4 Rcd8 26. Rad1 b6 27. Bb3 Rd6 28. g4 Bc8
29. f4 Bb7 30. f5 Kg7 31. Kf2 e6 32. fxe6 fxe6 33. Ra4 a5 34. Re4 Bxd5 35. Bxd5 Rxd5
36. Rxd5 exd5 37. Re7+ Kf6 38. Rxh7 Rd6 39. Rb7 d4 40. Ke2 Kg5 41. Rh7 Kf4 42. Kd3
g5 43. Rf7+ Kg3 44. Rf5 Kxh3 45. Rxg5 Kh4 46. Rg8 Rd5 47. g5 Kh5 48. Ke4 Rb5 49.
b3 a4 50. bxa4 Ra5 51. g6 Rxa4 52. g7 Kg6 53. Rb8  1-0

[Event "British Chess Championships 2023: First Blitz Open"]
[Site "The Venue, De Montfort University, 20 Western Boulevard, Leicester, LE2 7BU"]
[Date "2023.07.20"]
[Round "9"]
[Board "10"]
[White "Goss, Alex"]
[Black "Bartram, William"]
[Result "1-0"]
[WhiteElo "1801"]
[BlackElo "1932"]
[PlyCount "0"]
[EventDate "2023.07.20"]
[EventRounds "9"]
[EventCountry "ENG"]

1. e4 c5 2. Nf3 e6 3. c4 Nc6 4. d4 cxd4 5. Nxd4 a6 6. Be3 Qc7 7. Be2 Nf6 8. f3 Be7
9. O-O O-O 10. Nc3 Rd8 11. Qc2 d5 12. exd5 exd5 13. Nxc6 bxc6 14. cxd5 cxd5 15. Bd4
Bc5 16. Qd2 Qb6 17. Bxc5 Qxc5+ 18. Kh1 d4 19. Rac1 Be6 20. Ne4 Nxe4 21. fxe4 Qe5
22. b3 Qxe4 23. Bf3 Qe3 24. Qxe3 dxe3 25. Bxa8 Rxa8 26. Rfe1 a5 27. Rxe3 a4 28. Rec3
axb3 29. axb3 Rb8 30. Rb1 Rb4 31. Rd3 Kf8 32. Rb2 Ke7 33. Kg1 Kf6 34. Kf2 Ke5 35.
Ke3 Re4+ 36. Kd2 Rb4 37. Kc3 Rb7 38. b4 Rc7+ 39. Kd2 Rb7 40. Re3+ Kd4 41. Rd3+ Kc4
42. Rc3+ Kd4 43. Rg3 g6 44. b5 Kc5 45. b6 Rxb6  1-0

[Event "British Chess Championships 2023: First Blitz Open"]
[Site "The Venue, De Montfort University, 20 Western Boulevard, Leicester, LE2 7BU"]
[Date "2023.07.20"]
[Round "9"]
[Board "11"]
[White "Dhemrait, Jagdeep"]
[Black "Goatcher, Matthew W"]
[Result "1-0"]
[WhiteElo "1718"]
[BlackElo "1806"]
[PlyCount "0"]
[EventDate "2023.07.20"]
[EventRounds "9"]
[EventCountry "ENG"]

1. e4 Nf6 2. Nc3 d5 3. e5 Nfd7 4. d4 c5 5. f4 e6 6. Nf3 Nc6 7. Bb5 a6 8. Bxc6 bxc6
9. O-O Be7 10. Qe1 O-O 11. Qg3 f5 12. Ng5 Bxg5 13. fxg5 g6 14. h4 cxd4 15. Ne2 c5
16. b4 Qc7 17. bxc5 Qxc5 18. Ba3 Qxc2 19. Nxd4 Qa4 20. Rf4 Qa5 21. Bxf8 Kxf8 22.
Nxe6+ Kf7 23. Nd4 Kg7 24. e6 Nc5 25. e7 Bd7 26. Rc1 Ne4 27. Qb3 Re8 28. Nc6 Bxc6
29. Rxc6 Rxe7 30. Qb2+ Kg8 31. Rc8+ Kf7 32. Rxe4 Qb6+ 33. Qxb6  1-0

[Event "British Chess Championships 2023: First Blitz Open"]
[Site "The Venue, De Montfort University, 20 Western Boulevard, Leicester, LE2 7BU"]
[Date "2023.07.20"]
[Round "9"]
[Board "12"]
[White "Gay, Conor DI"]
[Black "Hankey, Chris P"]
[Result "1-0"]
[WhiteElo "1909"]
[BlackElo "1680"]
[PlyCount "0"]
[EventDate "2023.07.20"]
[EventRounds "9"]
[EventCountry "ENG"]

1. d4 Nf6 2. c4 e6 3. Nc3 c5 4. d5 exd5 5. cxd5 d6 6. e4 g6 7. f4 Bg7 8. Bb5+ Bd7
9. e5 Bxb5 10. Nxb5 Qa5+ 11. Nc3 dxe5 12. fxe5 Ne4 13. Bd2 Nxd2 14. Qxd2 O-O 15.
Nf3 Re8 16. O-O Bxe5 17. Nxe5 Rxe5 18. Qf4 Rf5 19. Qe4 Rxf1+ 20. Rxf1 Na6 21. d6
Qb4 22. Qe7 Qd4+ 23. Kh1 Rf8 24. Ne4 Nb4 25. Nf6+ Kg7 26. Nd7 Rc8 27. Qxf7+ Kh6 28.
Nf6 Qd3 29. Qxh7+ Kg5 30. h4#  1-0

[Event "British Chess Championships 2023: First Blitz Open"]
[Site "The Venue, De Montfort University, 20 Western Boulevard, Leicester, LE2 7BU"]
[Date "2023.07.20"]
[Round "9"]
[Board "13"]
[White "Gay, Simon P"]
[Black "Mandnikar, Atreya"]
[Result "1-0"]
[WhiteElo "1846"]
[BlackElo "1602"]
[PlyCount "0"]
[EventDate "2023.07.20"]
[EventRounds "9"]
[EventCountry "ENG"]

1. e4 c5 2. Nc3 Nc6 3. Bb5 g6 4. f4 Bg7 5. Bxc6 bxc6 6. Nf3 d5 7. e5 Bg4 8. O-O e6
9. d3 Ne7 10. b3 O-O 11. Ba3 Re8 12. Bxc5 Bxf3 13. Rxf3 f6 14. d4 fxe5 15. fxe5 Nf5
16. Qd3 Bf8 17. Na4 Qg5 18. Raf1 Bxc5 19. Nxc5 Re7 20. c4 Rd8 21. Rf4 dxc4 22. Qxc4
Ne3 23. Qe2 Nxf1 24. Qxf1 Ree8 25. h4  1-0

[Event "British Chess Championships 2023: First Blitz Open"]
[Site "The Venue, De Montfort University, 20 Western Boulevard, Leicester, LE2 7BU"]
[Date "2023.07.20"]
[Round "9"]
[Board "14"]
[White "Dayal, Samar"]
[Black "Hayes, Solomon"]
[Result "1-0"]
[WhiteElo "1151"]
[BlackElo "1781"]
[PlyCount "0"]
[EventDate "2023.07.20"]
[EventRounds "9"]
[EventCountry "ENG"]

1. e4 c5 2. Nf3 Nc6 3. d4 cxd4 4. Nxd4 Nf6 5. Nc3 e5 6. Ndb5 d6 7. Nd5 Nxd5 8. exd5
Nb8 9. c4 Be7 10. Be2 O-O 11. O-O Nd7 12. Be3 a6 13. Nc3 f5 14. f4 e4 15. b4 Bf6
16. Bd4 Qe7 17. Rc1 b6 18. Na4 b5 19. cxb5 axb5 20. Bxb5 Rb8 21. Nc3 Bxd4+ 22. Qxd4
Nf6 23. a4 Bb7 24. Bc6 Rfc8 25. b5 Bxc6 26. dxc6 d5 27. Nxd5 Nxd5 28. Qxd5+ Kf8 29.
Qxf5+ Kg8 30. Qd5+ Kh8 31. a5 e3 32. b6 e2 33. Rfe1 Qe3+ 34. Kh1 Qxf4 35. c7 Rf8
36. cxb8=Q Rxb8 37. a6 Rf8 38. Qf3 Qd6 39. Qxf8+ Qxf8 40. b7 Qf2 41. Rc8+  1-0